| 000 | 00521nam a22001817a 4500 | ||
|---|---|---|---|
| 003 | OSt | ||
| 005 | 20260115053408.0 | ||
| 008 | 260115b |||||||| |||| 00| 0 eng d | ||
| 020 | _a1-582796998. | ||
| 040 |
_aDWCL-Main lib _cOC |
||
| 082 |
_22005 edition _aCirc. 616.97 Ov96 2005 |
||
| 245 | _aOvercoming allergies | ||
| 260 |
_aUSA : _bTrident Reference Publishing, _cc2005. |
||
| 300 |
_a63 pages : _bcolored illustration ; _c27 cm. |
||
| 650 | _21. Allergy. | ||
| 650 | _22. Immunity. | ||
| 942 |
_2ddc _cBK-CIRC _kCirc. _n0 |
||
| 999 |
_c7428 _d7428 |
||